Schaum's outline of theory and problems of beginning statistics / (Record no. 2603)
[ view plain ]
| 000 -LEADER | |
|---|---|
| fixed length control field | 00691pam a2200193 a 4500 |
| 020 ## - ISBN | |
| International Standard Book Number | 0071459324 (pbk.) |
| 050 00 - LIBRARY OF CONGRESS CALL NUMBER | |
| Classification Number | QA276.19 |
| Item Number | .S74 2006 |
| 100 1# - MAIN ENTRY--Author | |
| Personal name | Stephens, Larry J. |
| 245 10 - TITLE | |
| Title | Schaum's outline of theory and problems of beginning statistics / |
| Statement of responsibility, etc | Larry J. Stephens. |
| 250 ## - EDITIONSTATEMENT | |
| Edition statement | 2nd ed. |
| 260 ## - PUBLICATION, DISTRIBUTION, ETC.(IMPRINT) | |
| Place of publication, distribution, etc | New York [USA] : |
| Name of publisher, distributor, etc | McGraw-Hill, |
| Date of publication, distribution, etc | c2006. |
| 300 ## - PHYSICAL DESCRIPTION | |
| Extent | xiii, 413 p. : |
| 500 ## - GENERALNOTE | |
| General note | Includes index. |
| 650 ## - SUBJECT--TOPIC | |
| Topical term following geographic name as entry element | Mathematical statistics |
| 856 41 - URL/ELECTRONIC LOCATION AND ACCESS | |
| Uniform Resource Identifier | <a href="http://www.loc.gov/catdir/toc/fy0705/2006275946.html">http://www.loc.gov/catdir/toc/fy0705/2006275946.html</a> |
| 856 42 - URL/ELECTRONIC LOCATION AND ACCESS | |
| Uniform Resource Identifier | <a href="http://www.loc.gov/catdir/enhancements/fy0668/2006275946-b.html">http://www.loc.gov/catdir/enhancements/fy0668/2006275946-b.html</a> |
| 856 42 - URL/ELECTRONIC LOCATION AND ACCESS | |
| Uniform Resource Identifier | <a href="http://www.loc.gov/catdir/enhancements/fy0668/2006275946-d.html">http://www.loc.gov/catdir/enhancements/fy0668/2006275946-d.html</a> |
| 942 ## - ADDED ENTRY ELEMENTS(KOHA) | |
| Koha item type | General circulation |
| Source of classification or shelving scheme | Not for loan | Location (home branch) | Sublocation (holding branch) | Date accessioned | Cost, normal purchase price | Full call number | Barcode | Cost, replacement price | Nonpublic note | Koha item type | Public note |
|---|---|---|---|---|---|---|---|---|---|---|---|
| Library of Congress Classification | Main Campus Library | Main Campus Library | 01/09/2014 | 4101.68 | QA276.19 .S74 2006 | 2024/026562 | 4601.68 | Nzk | General circulation | Nzk |